Modelovanie a simulácia výrobno-logistického procesu

Guardado en:
Detalles Bibliográficos
Autor principal: Vranovič, Radovan (Autor)
Otros Autores: Haffner, Oto (Orientador)
Formato: Manuscrito Libro
Lenguaje:eslovaco
Publicado: Bratislava : STU v Bratislave FEI, 2021
Materias:
Acceso en línea:https://opac.crzp.sk/?fn=detailBiblioForm&sid=7E417B54B864B7C45D2AF94635AB&seo=CRZP-detail-kniha
Etiquetas: Agregar Etiqueta
Sin Etiquetas, Sea el primero en etiquetar este registro!

MARC

LEADER 00000ntm a22000003a 4500
001 stuzp81873
003 SK-STU
005 20211116125209.5
007 ta
008 150427s2015----xo-----f-mn---000-0-slo-d
040 |a STU  |b slo 
041 0 |a slo 
044 |a xo 
100 1 |a Vranovič, Radovan  |u 030400  |4 aut  |U FEI Fakulta elektrotechniky a informatiky  |T FEI Ústav automobilovej mechatroniky  |X 86418  |U E400  |Y 642  |7 86418 
242 0 1 |a Modeling and simulation of production and logistic process  |y eng 
245 1 0 |a Modelovanie a simulácia výrobno-logistického procesu 
260 |a Bratislava :  |b STU v Bratislave FEI,  |c 2021 
300 |a 78 s., príl. 
650 4 |a optimalizácia  |2 slo 
650 4 |a simulácia  |2 slo 
650 4 |a Plant Simulation  |2 slo 
650 4 |a logistika  |2 slo 
650 4 |a Plant Simulation  |2 eng 
650 4 |a optimization  |2 eng 
650 4 |a logistics  |2 eng 
650 4 |a simulation  |2 eng 
700 1 |a Haffner, Oto  |u 030400  |k Z1  |4 ths  |U FEI Fakulta elektrotechniky a informatiky  |T FEI Ústav automobilovej mechatroniky  |X 56107  |U E400  |Y 642  |7 A000056107 
856 4 |u https://opac.crzp.sk/?fn=detailBiblioForm&sid=7E417B54B864B7C45D2AF94635AB&seo=CRZP-detail-kniha